Auditoria. (Registro nro. 8687)
[ vista simple ]
| 000 -LEADER | |
|---|---|
| fixed length control field | 01107cam a2200277 i 4500 |
| 001 - CONTROL NUMBER | |
| control field | 8687 |
| 003 - CONTROL NUMBER IDENTIFIER | |
| control field | Mx-PuUPA |
| 005 - DATE AND TIME OF LATEST TRANSACTION | |
| control field | 20250519084233.0 |
| 008 - FIXED-LENGTH DATA ELEMENTS--GENERAL INFORMATION | |
| fixed length control field | 140415s1977 mx r 000 0 spa d |
| 020 ## - INTERNATIONAL STANDARD BOOK NUMBER | |
| International Standard Book Number | 9686014047 |
| 040 ## - CATALOGING SOURCE | |
| Original cataloging agency | Mx-PuUPA |
| Language of cataloging | spa |
| Transcribing agency | Mx-PuUPA |
| Modifying agency | Mx-PuUPA |
| Description conventions | rda |
| 041 0# - LANGUAGE CODE | |
| Language code of text/sound track or separate title | spa |
| 100 1# - MAIN ENTRY--PERSONAL NAME | |
| Personal name | Osorio Sánchez, Israel, |
| Relator term | autor |
| 9 (RLIN) | 7921 |
| 245 10 - TITLE STATEMENT | |
| Title | Auditoria. |
| Number of part/section of a work | 1 / |
| Statement of responsibility, etc. | Israel Osorio Sánchez |
| 250 ## - EDITION STATEMENT | |
| Edition statement | Primera edición |
| 264 #4 - PRODUCTION, PUBLICATION, DISTRIBUTION, MANUFACTURE, AND COPYRIGHT NOTICE | |
| Place of production, publication, distribution, manufacture | México, D.F. : |
| Name of producer, publisher, distributor, manufacturer | Ediciones Contables y Administrativas, |
| Date of production, publication, distribution, manufacture, or copyright notice | 1977 |
| 300 ## - PHYSICAL DESCRIPTION | |
| Extent | 263 páginas ; |
| Dimensions | 22 cm. |
| 336 ## - CONTENT TYPE | |
| Content type term | texto |
| Fuente | rdacontent |
| Content type code | txt |
| 337 ## - MEDIA TYPE | |
| Media type term | sin medio |
| Source | rdamedia |
| Media type code | n |
| 338 ## - CARRIER TYPE | |
| Carrier type term | volumen |
| Source | rdacarrier |
| Carrier type code | nc |
| 545 ## - BIOGRAPHICAL OR HISTORICAL DATA | |
| Biographical or historical data | Reimpresiones: (Primera,1978 ; Segunda, 1980 ; Tercera, 1981 ; Cuarta, 1982 ; Quinta, 1983 ; Sexta, 1984 ; Séptima, 1984 ; Octava, 1985 ; Novena, 1986 ; Décima, 1988 ; Undécima, 1989 ; Duodécima, 1990 ; Decimotercera, 1991 ; Décimocuarta, 1992 ; Décimoquinta, 1993 ; Décimosexta, 1993). |
| 650 #4 - SUBJECT ADDED ENTRY--TOPICAL TERM | |
| Topical term or geographic name entry element | Auditoria |
| 942 ## - ADDED ENTRY ELEMENTS (KOHA) | |
| Source of classification or shelving scheme | Dewey Decimal Classification |
| Koha item type | Libro |
| Classification part | 657.45 |
| Item part | O835 |
| Withdrawn status | Lost status | Source of classification or shelving scheme | Damaged status | Not for loan | Collection code | Home library | Current library | Shelving location | Date acquired | Source of acquisition | Total Checkouts | Full call number | Barcode | Date last seen | Price effective from | Koha item type | Copy number |
|---|---|---|---|---|---|---|---|---|---|---|---|---|---|---|---|---|---|
| Dewey Decimal Classification | General | Biblioteca Karol Wojtyla | Biblioteca Karol Wojtyla | Sala general | 03/12/2013 | Compra | 657.45 O835 1977 | 22552 | 05/01/2026 | 11/07/2018 | Libro | ||||||
| Dewey Decimal Classification | General | Biblioteca Karol Wojtyla | Biblioteca Karol Wojtyla | Sala general | 03/12/2013 | Compra | 657.45 O835 1977 | 40577 | 05/01/2026 | 11/08/2016 | Libro | Ej.3 | |||||
| Dewey Decimal Classification | General | Biblioteca Karol Wojtyla | Biblioteca Karol Wojtyla | Sala general | 03/12/2013 | Compra | 657.45 O835 1977 | 23116 | 05/01/2026 | 11/08/2016 | Libro | Ej.5 | |||||
| Dewey Decimal Classification | General | Biblioteca Karol Wojtyla | Biblioteca Karol Wojtyla | Sala general | 03/12/2013 | Compra | 657.45 O835 1977 | 30510 | 05/01/2026 | 11/08/2016 | Libro | Ej.4 | |||||
| Dewey Decimal Classification | General | Biblioteca Karol Wojtyla | Biblioteca Karol Wojtyla | Sala general | 03/12/2013 | Compra | 657.45 O835 1977 | 40576 | 05/01/2026 | 11/08/2016 | Libro | Ej.2 | |||||
| Dewey Decimal Classification | General | Biblioteca Karol Wojtyla | Biblioteca Karol Wojtyla | Sala general | 03/12/2013 | Compra | 657.45 O835 1977 | 22554 | 05/01/2026 | 11/08/2016 | Libro | Ej.6 | |||||
| Dewey Decimal Classification | General | San Martín | San Martín | Sala general | 03/12/2013 | Compra | 657.45 O835 1977 | 22553 | 14/09/2021 | 11/08/2016 | Libro | Ej.7 |